000 01189nam a2200313 i 4500
003 EG-GICUC
005 20260121101216.0
008 251112s1963 ua ||||fr|||| 00| 0 ara d
040 _a EG-GICUC
_bara
_c EG-GICUC
_d EG-GICUC
_erda
041 0 _aara
082 0 4 _221
_a345
_bس ل . م
092 0 4 _221
099 _aLaw1 07 345 س ل . م 5 ed - 1963
100 0 _aسليمان محمد الطماوي
_eمؤلف.
245 1 0 _aمبادئ القانون الإداري :
_bدراسة مقارنة /
_cالدكتور سليمان محمد الطماوي.
250 _aالطبعة الخامسة
264 2 _aالقاهرة :
_bدار الفكر العربي،
_c1963.
300 _a896 ؛صفحة
_c24 سم.
_bإيضاحيات، صور، مثيليات ؛
336 _2rda content
_atext
337 _2rda media
_aComputer
338 _2rda carrier
_aOnline Resource
504 _aيشتمل على إرجاعات ببليوغرافية.
546 _aالنص باللغة العربية
650 1 4 _aالقانون الإداري
_2qrmak
651 1 _2qrmak
856 4 0 _uhttps://fll.law.cu.edu.eg/fulltext/bks/B07-00516.pdf
905 _a32
942 _2ddc
_cBK
_e21
_n0
999 _c42972
_d42972